|
|
|
|
| LEADER |
00000nab a2200000ua 4500 |
| 001 |
vtls010814561 |
| 003 |
SK-MaSNL |
| 005 |
20260303114717.0 |
| 008 |
230127s1958 xo |||||||||||||||||slo| |
| 035 |
|
|
|a (urnnbn)urn:nbn:sk:snk:ar-a04jck
|
| 035 |
|
|
|a urn:nbn:sk:snk-ab5jde
|
| 035 |
|
|
|a (uuid)c95c452c-7842-4656-bb30-02bbc7d81988
|
| 040 |
|
|
|a SNKBUCL
|b slo
|c SNKBUCL
|e AACR2
|
| 041 |
0 |
|
|a slo
|
| 044 |
|
|
|a xo
|c SK
|
| 100 |
1 |
|
|a Peciar, Štefan,
|d 1912-1989
|4 aut
|9 101102
|
| 245 |
1 |
0 |
|a Nové vydanie Pravidiel slovenského pravopisu
|c Peciar Štefan
|
| 773 |
0 |
|
|t Naša veda : časopis SAV
|g Roč. 5, č. 3 (1958), s. 130
|
| 954 |
|
|
|a odborná, vedecká literatúra pôvodná (slovenská)
|2 lita
|
| 958 |
|
|
|a OND
|
| 958 |
|
|
|a EUIPO
|
| 958 |
|
|
|a article5
|
| 999 |
|
|
|c 1899862
|d 1901792
|